№ 3; Библиотековедение

Bibliographische Detailangaben
Parent link:Библиотековедение: журнал. № 3.— , 1993-
Sprache:Russisch
Veröffentlicht: 2014
Format: MixedMaterials Buch
KOHA link:https://koha.lib.tpu.ru/cgi-bin/koha/opac-detail.pl?biblionumber=533927

MARC

LEADER 00000nam2a2200000 4500
001 533927
005 20231101113210.0
035 |a (RuTPU)RU\TPU\prd\221954 
090 |a 533927 
100 |a 20140826a19939999km y0rusy50 ca 
101 0 |a rus 
102 |a RU 
200 0 |a № 3 
210 |d 2014 
461 1 |0 (RuTPU)RU\TPU\prd\1339  |t Библиотековедение  |o журнал  |v № 3  |d 1993- 
801 0 |a RU  |b 63413507  |c 20010227  |g PSBO 
801 1 |a RU  |b 63413507  |c 20140826 
801 2 |a RU  |b 63413507  |c 20221014  |g RCR 
942 |c BK 
999 |a НТБ_ТПУ  |b НФ  |e -1/20140109  |p П-9365  |s 4/20130930  |u 0,00  |v 1  |y 13821000668874